Spirit of enterprise (Record no. 5618)

MARC details
000 -LEADER
campo de control de longitud fija 00887nam a2200265 i 4500
001 - NÚMERO DE CONTROL
campo de control 5618
003 - IDENTIFICADOR DE NÚMERO DE CONTROL
campo de control ES-MaACL
005 - FECHA Y HORA DE LA ÚLTIMA TRANSACCIÓN
campo de control 20250814013813.0
007 - CAMPO FIJO DE DESCRIPCIÓN FÍSICA--INFORMACIÓN GENERAL
campo de control de longitud fija t|
008 - DATOS DE LONGITUD FIJA--INFORMACIÓN GENERAL
campo de control de longitud fija 880110s1987 xxka |||| | eng d
020 ## - NÚMERO INTERNACIONAL ESTÁNDAR DEL LIBRO
Número Internacional Estándar del Libro 0-7476-0003-1
080 ## - NÚMERO DE LA CLASIFICACIÓN DECIMAL UNIVERSAL
Número de la Clasificación Decimal Universal 001.891(060.6)
080 ## - NÚMERO DE LA CLASIFICACIÓN DECIMAL UNIVERSAL
Número de la Clasificación Decimal Universal 608(060.6)
245 00 - MENCIÓN DEL TÍTULO
Título Spirit of enterprise
Resto del título : the 1987 Rolex Awards /
Mención de responsabilidad, etc. foreword by George Van B. Cochran ; preface by Andre J.Heiniger ; edited by David W.Reed.
260 ## - PUBLICACIÓN, DISTRIBUCIÓN, ETC.
Lugar de publicación, distribución, etc. Wokingham, Berkshire :
Nombre del editor, distribuidor, etc. Vaan Nostrand Reinhold,
Fecha de publicación, distribución, etc. 1987.
300 ## - DESCRIPCIÓN FÍSICA
Extensión XX, 460 P. :
Otras características físicas il. col. y n. ;
Dimensiones 24 cm.
650 04 - PUNTO DE ACCESO ADICIONAL DE MATERIA--TÉRMINO DE MATERIA
Término de materia o nombre geográfico como elemento de entrada Inventos.
9 (RLIN) 13884
650 07 - PUNTO DE ACCESO ADICIONAL DE MATERIA--TÉRMINO DE MATERIA
Término de materia o nombre geográfico como elemento de entrada Ciencias
Fuente del encabezamiento o término embne
9 (RLIN) 10971
700 1# - ENTRADA AGREGADA--NOMBRE PERSONAL
Nombre de persona Cochran, George van B.
9 (RLIN) 39401
700 1# - ENTRADA AGREGADA--NOMBRE PERSONAL
Nombre de persona Heiniger, Andre J.
9 (RLIN) 194853
700 1# - ENTRADA AGREGADA--NOMBRE PERSONAL
Nombre de persona Reed, David W.
9 (RLIN) 167597
852 ## - LOCALIZACIÓN
Ubicación ES-MaACL
Número de control de estantería L-12410
Nota libre - Enc. plast.
852 ## - LOCALIZACIÓN
Ubicación ES-MaACL
Número de control de estantería L-12484
Holdings
Estatus retirado Estado de pérdida Estado de daño No para préstamo Biblioteca de origen Biblioteca actual Ubicación en estantería Fecha de adquisición Fuente de adquisición Total de préstamos Signatura topográfica completa Código de barras Visto por última vez Precio de reemplazo Tipo de ítem Koha
        Biblioteca del Ateneo de Madrid Biblioteca del Ateneo de Madrid Depósito 2 17/01/2008     L-12484 1005696 23/02/2023 23/02/2023 Libro impreso
        Biblioteca del Ateneo de Madrid Biblioteca del Ateneo de Madrid Depósito 2 17/01/2008     L-12410 1005695 23/02/2023 23/02/2023 Libro impreso